| 000 | 00717nam a2200229 a 4500 | ||
|---|---|---|---|
| 001 | ES-MaREB00330771-X | ||
| 003 | OSt | ||
| 005 | 20140306101528.0 | ||
| 008 | 020226s1960 esp f 001 0 spa d | ||
| 040 | _cBMC | ||
| 082 | _a345.82 | ||
| 100 | 1 |
_aAntolisei, Francesco _914925 |
|
| 245 | 1 | 0 |
_aManual de derecho penal _b: parte general _cFrancesco Antolisei ; traducción directa del italiano por Juan del Rosal y Angel Torio |
| 260 |
_aBuenos Aires _bUTEHA _c1960 |
||
| 300 |
_a603 p. _c25 cm |
||
| 500 | _aIndice | ||
| 594 | _1Traducción de: Manuale di diritto penale | ||
| 650 | 2 | 4 |
_aDerecho penal _96868 _zArgentina |
| 700 | 1 |
_aRosal, Juan del _914926 |
|
| 700 | 1 |
_aTorio, Angel _914927 |
|
| 942 |
_2ddc _cBK |
||
| 999 |
_c7711 _d7711 |
||